| 000 | 00569nam a2200169 a 4500 | ||
|---|---|---|---|
| 001 | 000027891 | ||
| 005 | 20200930031159.0 | ||
| 008 | 110405s1974 dr ac 000 0 spa d | ||
| 040 |
_aDO-SdBNP _bspa _cBNPHU |
||
| 100 | 1 |
_aInchaustegui, Joaquín S. _945004 |
|
| 245 | 1 | 0 |
_aOfrenda Patricia / _cJoaquín S. Inchaustegui. |
| 250 | _a2a ed. facsimil | ||
| 260 |
_aSanto Domingo : _bSecretaría de Educación, _c1974. |
||
| 300 |
_a31 p. : _bil., retrs ; _c19 cm. |
||
| 533 |
_aReproducción de la edición publicada _bSanto Domingo _cImpresora Montalvo _d1922 |
||
| 049 | _aBNPD | ||
| 999 |
_c27383 _d27383 |
||